Vista normal Vista MARC

Entrada Personal Name

Número de registros utilizados en: 2

001 - CONTROL NUMBER

  • control field: 439

003 - CONTROL NUMBER IDENTIFIER

  • control field: OSt

005 - DATE AND TIME OF LATEST TRANSACTION

  • control field: 20200211155827.0

008 - FIXED-LENGTH DATA ELEMENTS

  • fixed length control field: 200211|| aca||aabn | a|a d

040 ## - CATALOGING SOURCE

  • Original cataloging agency: OSt
  • Transcribing agency: OSt

100 ## - HEADING--PERSONAL NAME

  • Personal name: Greiff, León de,
  • Dates associated with a name: 1895-1976

670 ## - SOURCE DATA FOUND

  • Source citation: Work cat.: (OSt): Vega Vélez, Carlos Mario, autor 437, La culta poetiparla / , 1996